Parkinsonova choroba versus parkinsonský syndróm

Bibliographic Details
Main Author: Fačková, Danica (Author)
Format: Article
Language:Slovak
PhysicalDescription:Obr. 1, tab. 2
Subjects:

MARC

LEADER 00000nab a2200000 a 4500
001 vtls000612469
003 SK-MaSNL
005 20260303014428.0
008 140302c1997 xo 0 slo
015 |a SNBRB19rr/mm-uuuuu 
035 |a CL0612608 
040 |a SNKBUCL  |b slo  |c SNKBUCL  |e AACR2 
041 0 |a slo 
044 |a xo  |c SK 
080 |a 616.858  |2 1981 
100 1 |a Fačková, Danica  |4 aut  |9 996218 
245 1 0 |a Parkinsonova choroba versus parkinsonský syndróm  |c Danica Fačková 
300 |b Obr. 1, tab. 2 
650 0 7 |a Parkinsonova choroba  |2 snkbucl  |9 2561 
650 0 7 |a syndróm parkinsonský  |2 snkbucl  |9 996219 
655 7 |a články z novín a časopisov  |2 snkbucl  |9 267496 
773 0 |t Zdravotnícke noviny  |g Roč. 2, č. 7 (1997), s. 5-6 
850 |a Slovenská národná knižnica v Martine  |a MTA001 
852 |a SNK  |b KIS3GCP 
958 |a ME 
958 |a RK 
992 |a RBX 
999 |c 1607621  |d 1609551